[Event "European Youth Chess Championship G14"]
[Site "Prague, Top Hotel Prague"]
[Date "2016.08.18"]
[Round "1.48"]
[White "Plaza, Reino Leire"]
[Black "Kvendseth, Thyra"]
[Result "0-1"]
[WhiteElo "1124"]
[BlackElo "1735"]
[PlyCount "60"]
[EventDate "2016.08.18"]

1. e4 e5 2. Nf3 Nc6 3. Bc4 Bc5 4. c3 Nf6 5. d3 a6 6. b4 Ba7 7. O-O O-O 8. Nbd2
d6 9. Re1 Be6 10. Bxe6 fxe6 11. Nf1 Qe8 12. Ng3 Nh5 13. Nxh5 Qxh5 14. Be3 Rae8
15. Bxa7 Nxa7 16. Qe2 Rf6 17. Qe3 Nc6 18. Re2 Ref8 19. Rae1 Rg6 20. a3 Rxf3 21.
Qd2 Rh3 22. Kf1 Rxh2 23. f3 Rh1+ 24. Kf2 Qh4+ 25. g3 Qxg3+ 26. Ke3 Qf4+ 27. Kf2
Rh2+ 28. Kf1 Qxf3+ 29. Rf2 Rg1+ 30. Kxg1 Rh1# 0-1

[Event "European Youth Chess Championship G14"]
[Site "Prague, Top Hotel Prague"]
[Date "2016.08.19"]
[Round "2.1"]
[White "Ferkova, Dominika"]
[Black "Maltsevskaya, Aleksandra"]
[Result "0-1"]
[WhiteElo "1885"]
[BlackElo "2341"]
[PlyCount "68"]
[EventDate "2016.08.18"]

1. d4 Nf6 2. c4 g6 3. Nc3 Bg7 4. e4 d6 5. f3 O-O 6. Be3 Nc6 7. Nge2 a6 8. Rb1
Rb8 9. b4 b5 10. cxb5 axb5 11. d5 Ne5 12. Nd4 Bd7 13. Bxb5 Bxb5 14. Ncxb5 Qd7
15. a4 Nc4 16. Bc1 e5 17. Nc6 Rb7 18. Qd3 Nb6 19. a5 Na8 20. Be3 Nh5 21. a6 Rb6
22. Bxb6 Nxb6 23. O-O Nf4 24. Qc2 f5 25. Nca7 Rf7 26. Rfc1 fxe4 27. Qxc7 Qf5
28. Qc2 Qg5 29. fxe4 Nh3+ 30. Kh1 Rf2 31. Qxf2 Nxf2+ 32. Kg1 Qe3 33. Re1 Nh3+
34. Kh1 Qg1+ 0-1

[Event "European Youth Chess Championship G14"]
[Site "Prague, Top Hotel Prague"]
[Date "2016.08.19"]
[Round "2.2"]
[White "Solozhenkina, Elizaveta"]
[Black "Swiech, Joanna"]
[Result "0-1"]
[WhiteElo "2275"]
[BlackElo "1888"]
[PlyCount "106"]
[EventDate "2016.08.18"]

1. e4 d5 2. exd5 Qxd5 3. Nc3 Qa5 4. d4 Nf6 5. Nf3 Bf5 6. Bc4 c6 7. Bd2 e6 8.
Qe2 Bb4 9. a3 O-O 10. O-O-O Bxc3 11. Bxc3 Qc7 12. Ne5 Nbd7 13. f3 h6 14. g4 Bh7
15. h4 Nd5 16. Bxd5 cxd5 17. h5 Rfc8 18. Qe3 Nxe5 19. dxe5 Qe7 20. Rd4 a5 21.
g5 Qxg5 22. Qxg5 hxg5 23. Rg1 Bf5 24. Rxg5 b5 25. Rg2 Rc6 26. Kd2 Rb8 27. Kd1
Rbc8 28. Rh2 Kh7 29. Rhh4 Rxc3 30. bxc3 Rxc3 31. Rh2 Rxf3 32. a4 b4 33. Kd2 Rc3
34. Kd1 Ra3 35. Kc1 Rxa4 36. Kb2 Ra3 37. Rh1 Rc3 38. Rc1 Re3 39. Rd2 Rxe5 40.
Ra1 Bg4 41. Rxa5 Bxh5 42. Rd4 g5 43. Rxb4 Re2 44. Ra8 Kg6 45. Rh8 Bf3 46. Rb7
f5 47. Rg8+ Kf6 48. Rgg7 g4 49. Rbf7+ Ke5 50. Kb3 Kf4 51. Rf6 g3 52. Rfg6 g2
53. Rg8 Bg4 0-1

[Event "European Youth Chess Championship G14"]
[Site "Prague, Top Hotel Prague"]
[Date "2016.08.19"]
[Round "2.3"]
[White "Koubova, Anna Marie"]
[Black "Antova, Gabriela"]
[Result "0-1"]
[WhiteElo "1868"]
[BlackElo "2241"]
[PlyCount "108"]
[EventDate "2016.08.18"]

1. d4 Nf6 2. c4 e6 3. Nc3 d5 4. cxd5 exd5 5. Bg5 c6 6. Qc2 Be7 7. e3 Nbd7 8.
Bd3 O-O 9. Nf3 Re8 10. O-O Nf8 11. Rab1 a5 12. a3 g6 13. b4 axb4 14. axb4 Ne6
15. Bh4 Ng7 16. b5 Bf5 17. bxc6 bxc6 18. Ne5 Rc8 19. Na4 Bd6 20. Nb6 Rc7 21.
Rfd1 Bxd3 22. Rxd3 Nf5 23. Bg5 h6 24. Bf4 c5 25. Qa4 c4 26. Rdd1 g5 27. Nc6
Rxc6 28. Qxc6 gxf4 29. Nxd5 Nxd5 30. Qxd5 Qg5 31. e4 Nh4 32. Qxg5+ hxg5 33. f3
Ba3 34. Rd2 c3 35. Rc2 Bb2 36. Kf2 Rd8 37. Rd1 Ng6 38. Ke2 Ne7 39. d5 Ng6 40.
g3 Ne5 41. gxf4 gxf4 42. Rb1 Kg7 43. Kf2 Rh8 44. Kg2 Nc4 45. Kh1 Kf6 46. Rxc3
Bxc3 47. Rc1 Ne3 48. Rxc3 Rh3 49. Kg1 Rxf3 50. h4 Rh3 51. Rd3 Rxh4 52. d6 Rh8
53. Kf2 Ng4+ 54. Kg2 Ne5 0-1

[Event "European Youth Chess Championship G14"]
[Site "Prague, Top Hotel Prague"]
[Date "2016.08.19"]
[Round "2.4"]
[White "Goltseva, Ekaterina"]
[Black "Bogdanic, Katarina"]
[Result "1-0"]
[WhiteElo "2213"]
[BlackElo "1883"]
[PlyCount "79"]
[EventDate "2016.08.18"]

1. d4 Nf6 2. c4 e6 3. Nc3 Bb4 4. Nf3 b6 5. Bg5 Bb7 6. Nd2 h6 7. Bh4 Nc6 8. e3
g5 9. Bg3 d6 10. h4 Rg8 11. hxg5 hxg5 12. Qc2 Qe7 13. Bd3 O-O-O 14. O-O-O Kb8
15. a3 Bxc3 16. Qxc3 Rh8 17. f3 Nh5 18. Bf2 f5 19. Nb3 Nf6 20. Bc2 Rdf8 21. Kb1
Qf7 22. Bg3 Ne7 23. c5 Ned5 24. Qd2 Nh5 25. Bf2 dxc5 26. dxc5 Rd8 27. e4 fxe4
28. fxe4 Ndf4 29. Qxd8+ Rxd8 30. Rxd8+ Bc8 31. g4 Qe7 32. Rhd1 Nf6 33. Nd4 Kb7
34. c6+ Kb8 35. Nf3 Nxg4 36. R1d7 Qf6 37. e5 Nxe5 38. Nxe5 Qxe5 39. Re7 Qb5 40.
Rxc8+ 1-0

[Event "European Youth Chess Championship G14"]
[Site "Prague, Top Hotel Prague"]
[Date "2016.08.19"]
[Round "2.5"]
[White "Kovacs, Judit"]
[Black "Hercog, Nusa"]
[Result "0-1"]
[WhiteElo "2167"]
[BlackElo "1865"]
[PlyCount "88"]
[EventDate "2016.08.18"]

1. d4 d5 2. c4 c6 3. Nf3 Nf6 4. Qc2 dxc4 5. Qxc4 Bf5 6. Nc3 e6 7. g3 Nbd7 8.
Bg2 Be7 9. O-O O-O 10. Re1 h6 11. e4 Bg6 12. a3 Rc8 13. Bf4 Re8 14. Rad1 b5 15.
Qa2 Qb6 16. b4 a5 17. Qb2 axb4 18. axb4 Bf8 19. h3 Bh7 20. Ne5 Red8 21. Nd3 Qb7
22. Rd2 Nb6 23. Nc5 Bxc5 24. dxc5 Nc4 25. Rxd8+ Rxd8 26. Qb3 Qa8 27. Rd1 Qc8
28. Ra1 e5 29. Bc1 Rd4 30. Qc2 Nd5 31. Nxd5 Rxd5 32. Ra7 Rd7 33. Rxd7 Qxd7 34.
Bf1 Qd4 35. Bd3 Bg6 36. Kg2 f6 37. Bxc4+ bxc4 38. Kf3 c3 39. Qa2+ Kh7 40. Qb1
Qd1+ 41. Ke3 c2 42. Qb2 Qe1+ 43. Kd3 Qxe4+ 44. Kd2 Qd3+ 0-1

[Event "European Youth Chess Championship G14"]
[Site "Prague, Top Hotel Prague"]
[Date "2016.08.19"]
[Round "2.6"]
[White "Moscicka, Pola"]
[Black "Zotova, Anastasia"]
[Result "1-0"]
[WhiteElo "1853"]
[BlackElo "2137"]
[PlyCount "101"]
[EventDate "2016.08.18"]

1. d4 Nf6 2. c4 g6 3. Nc3 d5 4. cxd5 Nxd5 5. e4 Nxc3 6. bxc3 Bg7 7. Nf3 O-O 8.
Be2 c5 9. Be3 Nc6 10. O-O Qa5 11. Qb3 Bg4 12. Rad1 Qc7 13. h3 Bxf3 14. Bxf3
Rfd8 15. d5 Na5 16. Qa3 b6 17. Be2 Qe5 18. Bxc5 bxc5 19. Qxa5 Qxc3 20. Qxc3
Bxc3 21. Rb1 Rab8 22. Rb3 Rxb3 23. axb3 Rb8 24. Bc4 Rb4 25. Rc1 Bd4 26. Rc2 Kg7
27. Ra2 Rb7 28. Kf1 Kf6 29. f4 h5 30. Ra6+ Kg7 31. Ke2 Kf8 32. Kf3 f6 33. g4
hxg4+ 34. hxg4 Kg7 35. Re6 g5 36. fxg5 fxg5 37. e5 Kf8 38. Ke4 Bg1 39. Rg6 a5
40. Ra6 Rb4 41. Rxa5 Rb6 42. Ra8+ Kg7 43. Ra7 Kf8 44. Kf5 Be3 45. Rc7 Ke8 46.
Rc8+ Kd7 47. Rh8 Bf4 48. e6+ Kc7 49. Re8 Rb8 50. Rxe7+ Kb6 51. Rf7 1-0

[Event "European Youth Chess Championship G14"]
[Site "Prague, Top Hotel Prague"]
[Date "2016.08.19"]
[Round "2.7"]
[White "Peycheva, Gergana"]
[Black "Kucharska, Honorata"]
[Result "1-0"]
[WhiteElo "2134"]
[BlackElo "1851"]
[PlyCount "67"]
[EventDate "2016.08.18"]

1. d4 Nf6 2. c4 d6 3. Nc3 Nbd7 4. e4 e5 5. d5 Nc5 6. f3 a5 7. Be3 Be7 8. Nge2
O-O 9. Qd2 Ne8 10. g4 Bh4+ 11. Ng3 g6 12. O-O-O b6 13. Rg1 Ng7 14. Kb1 Kh8 15.
Bh6 Bd7 16. Be2 Rg8 17. Rdf1 g5 18. Bxg7+ Rxg7 19. Nd1 Bxg3 20. hxg3 f6 21. Rh1
Kg8 22. Ne3 Qe7 23. Rh5 Qf8 24. Rfh1 Qf7 25. Bd1 Qe7 26. Bc2 Rf8 27. b3 Rb8 28.
Kb2 Qd8 29. a3 b5 30. cxb5 Rxb5 31. Ka2 Qb8 32. Qh2 Rxb3 33. Rxh7 Rb2+ 34. Ka1
1-0

[Event "European Youth Chess Championship G14"]
[Site "Prague, Top Hotel Prague"]
[Date "2016.08.19"]
[Round "2.8"]
[White "Bellahcene, Meriem"]
[Black "Schneider, Jana"]
[Result "0-1"]
[WhiteElo "1837"]
[BlackElo "2105"]
[PlyCount "80"]
[EventDate "2016.08.18"]

1. e4 e6 2. d4 d5 3. e5 c5 4. Nf3 Nc6 5. c3 Bd7 6. Be2 cxd4 7. cxd4 Nge7 8.
Nbd2 Nf5 9. Nb3 a5 10. a4 Rc8 11. Bd2 Be7 12. O-O O-O 13. Bd3 Nb4 14. Bxf5 exf5
15. Bc3 g5 16. Qe2 f4 17. Ne1 Rc6 18. Nd3 Nxd3 19. Qxd3 b6 20. Qf3 Bf5 21. Rfe1
Qd7 22. Nd2 Rg6 23. Qe2 g4 24. Nf1 Be4 25. Qb5 Qf5 26. Rac1 Qh5 27. Bd2 Bg5 28.
Rc6 Bxg2 29. Rxg6+ hxg6 30. Bc3 Bxf1 31. Qxf1 f3 32. Kh1 Bf4 33. Qg1 Kg7 34. e6
Rh8 35. e7 Bxh2 36. e8=N+ Kf8 37. Nf6 Bg3+ 38. Nxh5 Rxh5+ 39. Qh2 Rxh2+ 40. Kg1
Rg2+ 0-1

[Event "European Youth Chess Championship G14"]
[Site "Prague, Top Hotel Prague"]
[Date "2016.08.19"]
[Round "2.9"]
[White "Nestorovic, Katarina"]
[Black "Moenster, Madita"]
[Result "1-0"]
[WhiteElo "2059"]
[BlackElo "1808"]
[PlyCount "85"]
[EventDate "2016.08.18"]

1. e4 c5 2. Nf3 d6 3. d4 cxd4 4. Nxd4 Nf6 5. Nc3 Nc6 6. Be2 e5 7. Nf3 h6 8. O-O
Be7 9. h3 O-O 10. Re1 a6 11. Bf1 Qc7 12. Be3 Na5 13. Qd3 Be6 14. b3 Rac8 15.
Bd2 Rfe8 16. Qe3 Nc6 17. g4 d5 18. exd5 Nxd5 19. Nxd5 Bxd5 20. c4 Bxf3 21. Qxf3
Nd4 22. Qe4 Rcd8 23. Bd3 Kf8 24. Rad1 Qd6 25. Bc3 Bf6 26. Qxb7 Rb8 27. Qe4 Qc7
28. b4 Qb6 29. c5 Qc7 30. Bxa6 Ra8 31. Bb7 Rxa2 32. Bxd4 Rb8 33. Bd5 Ra4 34.
Bxe5 Bxe5 35. Qxe5 Qxe5 36. Rxe5 Raxb4 37. c6 Rc8 38. Rde1 Rd4 39. c7 f6 40.
Re8+ Rxe8 41. Rxe8+ Kxe8 42. c8=Q+ Ke7 43. Qc5+ 1-0

[Event "European Youth Chess Championship G14"]
[Site "Prague, Top Hotel Prague"]
[Date "2016.08.19"]
[Round "2.10"]
[White "Gresova, Zuzana"]
[Black "Sibajeva, Marija"]
[Result "1/2-1/2"]
[WhiteElo "1810"]
[BlackElo "2021"]
[PlyCount "80"]
[EventDate "2016.08.18"]

1. e4 c5 2. Nf3 e6 3. d4 cxd4 4. Nxd4 Nc6 5. Nc3 Qc7 6. Be2 a6 7. O-O Nf6 8.
Nxc6 bxc6 9. f4 d5 10. Bf3 Be7 11. Kh1 O-O 12. Qe1 Bb7 13. e5 Nd7 14. Na4 c5
15. Bd2 Bc6 16. Nc3 a5 17. b3 a4 18. Qg3 axb3 19. axb3 Rxa1 20. Rxa1 Ra8 21.
Qe1 Qb8 22. h3 Rxa1 23. Qxa1 Qa8 24. Qxa8+ Bxa8 25. Kg1 f6 26. exf6 gxf6 27. f5
Ne5 28. fxe6 Nxf3+ 29. gxf3 d4 30. Ne4 Bd5 31. Kg2 Bxe6 32. Ba5 Bf5 33. Bb6
Bxe4 34. fxe4 Kf7 35. Kf3 Ke6 36. Ba5 Ke5 37. Be1 Bd6 38. Bg3+ Ke6 39. Be1 h5
40. h4 Be5 1/2-1/2

[Event "European Youth Chess Championship G14"]
[Site "Prague, Top Hotel Prague"]
[Date "2016.08.19"]
[Round "2.11"]
[White "Vinokur, Yuliya"]
[Black "Rinaudo, Giada"]
[Result "1-0"]
[WhiteElo "1976"]
[BlackElo "1754"]
[PlyCount "51"]
[EventDate "2016.08.18"]

1. d4 g6 2. Nf3 Bg7 3. Bf4 d6 4. e3 Nd7 5. h3 e5 6. Bh2 Ne7 7. Be2 O-O 8. O-O
h6 9. c4 e4 10. Nfd2 f5 11. Nc3 Nf6 12. b4 c6 13. Qc2 d5 14. b5 Be6 15. c5 g5
16. Qa4 Ne8 17. bxc6 bxc6 18. Rfb1 f4 19. Rb7 a5 20. Rab1 Nc7 21. Qb3 Nc8 22.
Na4 Na7 23. Nb6 a4 24. Qxa4 Nab5 25. Nxa8 Nc3 26. Qxc6 1-0

[Event "European Youth Chess Championship G14"]
[Site "Prague, Top Hotel Prague"]
[Date "2016.08.19"]
[Round "2.12"]
[White "Hajiyeva, Laman"]
[Black "Muetsch, Annmarie"]
[Result "0-1"]
[WhiteElo "1800"]
[BlackElo "1966"]
[PlyCount "94"]
[EventDate "2016.08.18"]

1. d4 Nf6 2. Nc3 d5 3. Bf4 e6 4. a3 c5 5. e3 a6 6. Nf3 Nc6 7. Bd3 c4 8. Be2 b5
9. O-O Bd6 10. Bg3 O-O 11. Ne5 Bxe5 12. Bxe5 Nxe5 13. dxe5 Nd7 14. Qd4 Nb8 15.
Qg4 Nc6 16. f4 f6 17. exf6 Rxf6 18. Rad1 Qb6 19. Rf3 Bb7 20. Rg3 Rg6 21. Qh3
Ne7 22. Rxg6 Nxg6 23. Kh1 Rf8 24. Bg4 Rf6 25. Ne2 e5 26. f5 Ne7 27. Ng3 d4 28.
Nh5 Rf8 29. f6 gxf6 30. Be6+ Kh8 31. Qg4 Ng6 32. exd4 exd4 33. Rf1 Qd8 34. Rf4
Qe7 35. Rf1 d3 36. cxd3 cxd3 37. Bf5 Ne5 38. Qh4 Rg8 39. Nf4 Rg5 40. Qh3 d2 41.
Rd1 Nc4 42. Be6 Qd6 43. Bxc4 Qxf4 44. Bf1 Qf2 45. b4 Qe1 46. Rxe1 dxe1=Q 47.
Qd3 Bxg2+ 0-1

[Event "European Youth Chess Championship G14"]
[Site "Prague, Top Hotel Prague"]
[Date "2016.08.19"]
[Round "2.13"]
[White "Beydullayeva, Govhar"]
[Black "Tomcikova, Dominika"]
[Result "1-0"]
[WhiteElo "1945"]
[BlackElo "1741"]
[PlyCount "153"]
[EventDate "2016.08.18"]

1. d4 Nf6 2. c4 e6 3. Nf3 c5 4. d5 exd5 5. cxd5 d6 6. Nc3 g6 7. Bf4 Bg7 8. Qa4+
Bd7 9. Qb3 Qc7 10. e4 O-O 11. Nd2 Re8 12. Be2 a6 13. a4 Bg4 14. f3 Bc8 15. Nc4
Bf8 16. O-O Nbd7 17. Rae1 Nh5 18. Be3 Ne5 19. Nb6 Rb8 20. a5 Bg7 21. Rc1 Qd8
22. Qd1 Nf6 23. Qd2 Ned7 24. Nc4 Ne5 25. Nxe5 Rxe5 26. Bf4 Re8 27. Na4 Nh5 28.
Bg5 Bd4+ 29. Kh1 f6 30. Bh4 Be5 31. Rb1 Nf4 32. Bc4 g5 33. Bg3 Qd7 34. Nb6 Qg7
35. b4 cxb4 36. Rxb4 Kh8 37. Rfb1 Ng6 38. Bxe5 Nxe5 39. Be2 Qc7 40. Rc1 Qe7 41.
Qb2 Bd7 42. Nxd7 Qxd7 43. Bxa6 Qd8 44. Rxb7 Rxb7 45. Qxb7 Qxa5 46. Bf1 Qa8 47.
Qc7 Qb8 48. Qc2 Kg7 49. Rb1 Qc8 50. Qa4 Re7 51. Qb4 Qc7 52. Qa3 Rd7 53. Qb4 Re7
54. Kg1 Qa7+ 55. Qb6 h5 56. Qxa7 Rxa7 57. Rb6 Rd7 58. Ba6 Kg6 59. Bc8 Rd8 60.
Bf5+ Kg7 61. Rb7+ Kf8 62. Rh7 h4 63. Kf2 Re8 64. Be6 Re7 65. Rh8+ Kg7 66. Rg8+
Kh6 67. Bf5 Nd3+ 68. Kf1 Ne5 69. Ke2 Rf7 70. Ke3 Re7 71. Kd4 Rf7 72. Rd8 h3 73.
Bxh3 Ra7 74. Rxd6 Ra4+ 75. Kc3 Kg7 76. Kb3 Ra1 77. Re6 1-0

[Event "European Youth Chess Championship G14"]
[Site "Prague, Top Hotel Prague"]
[Date "2016.08.19"]
[Round "2.14"]
[White "Esadze, Tamari"]
[Black "Koroleva, Evgeniya"]
[Result "1-0"]
[WhiteElo "1763"]
[BlackElo "1940"]
[PlyCount "145"]
[EventDate "2016.08.18"]

1. e4 c5 2. Nf3 e6 3. d4 cxd4 4. Nxd4 Nf6 5. Nc3 Nc6 6. Ndb5 Bb4 7. Nd6+ Ke7 8.
Bf4 e5 9. Nf5+ Kf8 10. Bg5 d5 11. exd5 Bxf5 12. dxc6 Qc7 13. Bxf6 gxf6 14. Qf3
Qxc6 15. Qxc6 bxc6 16. O-O-O Bxc3 17. bxc3 Ke7 18. Bc4 Rhg8 19. g3 Rab8 20.
Rhe1 Be6 21. Bb3 Rgd8 22. Rd3 c5 23. Rxd8 Rxd8 24. Bxe6 Kxe6 25. Re4 Kf5 26.
Rc4 Rc8 27. Ra4 Rc7 28. Kd2 c4 29. Ra6 Kg5 30. h4+ Kf5 31. Ke3 h6 32. a3 h5 33.
f3 Kg6 34. g4 hxg4 35. fxg4 Kg7 36. h5 Rd7 37. Rc6 Rd1 38. Rxc4 Rc1 39. Kd2 Ra1
40. Ra4 Rg1 41. Re4 Ra1 42. c4 Rxa3 43. c5 Ra6 44. Rc4 Rc6 45. Ke3 Rc8 46. Ke4
Kf8 47. Kd5 Ke7 48. Ra4 Rd8+ 49. Ke4 Ke6 50. Ra6+ Ke7 51. Rxa7+ Ke6 52. Ra6+
Ke7 53. Kf5 Rd4 54. Ra7+ Ke8 55. Kxf6 Rc4 56. h6 Rxg4 57. h7 Rg6+ 58. Kxe5 Rh6
59. Ra8+ Ke7 60. h8=Q f6+ 61. Kd4 Rxh8 62. Rxh8 f5 63. Ke5 Kd7 64. Kd5 f4 65.
Rh7+ Kd8 66. Kd6 Kc8 67. c6 Kb8 68. c7+ Kb7 69. Rh8 f3 70. c8=Q+ Kb6 71. Qc5+
Kb7 72. Qc6+ Ka7 73. Ra8# 1-0

[Event "European Youth Chess Championship G14"]
[Site "Prague, Top Hotel Prague"]
[Date "2016.08.19"]
[Round "2.15"]
[White "Aciu, Malina-Andreea"]
[Black "Olde, Grete"]
[Result "1/2-1/2"]
[WhiteElo "1935"]
[BlackElo "1727"]
[PlyCount "96"]
[EventDate "2016.08.18"]

1. e4 e5 2. Nf3 Nc6 3. Bb5 a6 4. Ba4 Nf6 5. O-O Bc5 6. d3 b5 7. Bb3 d6 8. c3
O-O 9. Bg5 h6 10. Bh4 Be6 11. Bc2 Bg4 12. Nbd2 g5 13. Bg3 Nh5 14. Kh1 Nxg3+ 15.
fxg3 Ne7 16. h3 Bh5 17. g4 Bg6 18. d4 exd4 19. Nxd4 Bb6 20. Nf5 Bxf5 21. gxf5
f6 22. Nf3 c5 23. Qe2 Nc6 24. Rad1 Qe7 25. Bb3+ Kg7 26. Bd5 Rac8 27. Qf2 Ne5
28. Nxe5 dxe5 29. Be6 Rcd8 30. Rd5 Rxd5 31. exd5 h5 32. Rd1 Qd6 33. Qe2 Rh8 34.
c4 b4 35. Qe4 a5 36. Re1 Rh6 37. Qc2 e4 38. Qxe4 Bc7 39. Kg1 Qh2+ 40. Kf1 Bg3
41. Rd1 Be5 42. b3 Rh7 43. d6 Bxd6 44. Qc6 Qf4+ 45. Kg1 Qh2+ 46. Kf1 Qf4+ 47.
Kg1 Qh2+ 48. Kf1 Qf4+ 1/2-1/2

[Event "European Youth Chess Championship G14"]
[Site "Prague, Top Hotel Prague"]
[Date "2016.08.19"]
[Round "2.16"]
[White "Slaba, Andrea"]
[Black "Verbin, Valentina"]
[Result "0-1"]
[WhiteElo "1753"]
[BlackElo "1928"]
[PlyCount "90"]
[EventDate "2016.08.18"]

1. Nf3 Nf6 2. c4 c5 3. g3 b6 4. Bg2 Bb7 5. O-O e6 6. b3 Be7 7. Bb2 O-O 8. d3 d6
9. Nbd2 Qc7 10. Rc1 Nc6 11. a3 Rac8 12. Rc2 Qb8 13. Qa1 Rfd8 14. e3 Qa8 15. Ne1
Ne8 16. f4 Bf6 17. Ndf3 a5 18. Bxf6 Nxf6 19. Qc3 a4 20. b4 cxb4 21. axb4 d5 22.
Nd4 Nxd4 23. exd4 dxc4 24. Bxb7 Qxb7 25. dxc4 Qe4 26. Rd2 Nd5 27. Qc1 Nxb4 28.
Nf3 Qe3+ 29. Kg2 Qb3 30. Ne5 Nc6 31. Rf3 Qb4 32. Rb2 Qe7 33. Rxb6 Nxd4 34. Rf2
Qc7 35. Qb1 Nb3 36. Rb4 f6 37. Nf3 Qc6 38. Qa2 Nc5 39. Rc2 Rd3 40. Rf2 Ne4 41.
Rf1 Nd2 42. Qc2 Rxf3 43. Rxf3 Qxf3+ 44. Kh3 Nf1 45. Qg2 Qh5# 0-1

[Event "European Youth Chess Championship G14"]
[Site "Prague, Top Hotel Prague"]
[Date "2016.08.19"]
[Round "2.17"]
[White "Beshukova, Alina"]
[Black "Richterova, Julie"]
[Result "1/2-1/2"]
[WhiteElo "1920"]
[BlackElo "1592"]
[PlyCount "84"]
[EventDate "2016.08.18"]

1. d4 d5 2. Nf3 Nf6 3. c4 c6 4. Qc2 e6 5. e3 Nbd7 6. Bd3 Be7 7. O-O O-O 8. b3
b6 9. Nc3 Bb7 10. e4 dxe4 11. Nxe4 Nxe4 12. Bxe4 Nf6 13. Bd3 Qc7 14. Bb2 h6 15.
Rfd1 Rfd8 16. Be2 c5 17. Ne5 cxd4 18. Bxd4 Bc5 19. Bxc5 Qxc5 20. Bf3 Bxf3 21.
Nxf3 Rac8 22. Qe2 Qe7 23. Rab1 Rxd1+ 24. Rxd1 Rd8 25. Rd3 Kf8 26. Qd1 Ke8 27.
Rxd8+ Qxd8 28. Qxd8+ Kxd8 29. Ne5 Ke8 30. Nc6 a6 31. f3 Nd7 32. Kf2 a5 33. Ke3
Nc5 34. Kd4 Kd7 35. Ne5+ Ke7 36. Nd3 Kd6 37. Nxc5 bxc5+ 38. Kc3 e5 39. a3 f5
40. Kd3 Ke6 41. Ke3 Kd6 42. Kd3 Ke6 1/2-1/2

[Event "European Youth Chess Championship G14"]
[Site "Prague, Top Hotel Prague"]
[Date "2016.08.19"]
[Round "2.18"]
[White "Kvendseth, Thyra"]
[Black "Palma, Maria"]
[Result "0-1"]
[WhiteElo "1735"]
[BlackElo "1911"]
[PlyCount "112"]
[EventDate "2016.08.18"]

1. d4 Nf6 2. c4 c5 3. d5 b5 4. cxb5 a6 5. bxa6 e6 6. Nc3 exd5 7. Nxd5 Nxa6 8.
g3 Nxd5 9. Qxd5 Ra7 10. Bg2 Bb7 11. Qe5+ Qe7 12. Qxe7+ Bxe7 13. Bxb7 Rxb7 14.
Nf3 Bf6 15. Rb1 Nb4 16. a4 Nc2+ 17. Kd1 Na3 18. Ra1 Nc4 19. Kc2 Ke7 20. Bg5
Rxb2+ 21. Kd3 Na5 22. Bxf6+ Kxf6 23. Rhd1 Rhb8 24. Nd2 d5 25. e3 Nb3 26. Rab1
Nxd2 27. Rxb2 Rxb2 28. Rxd2 Rb6 29. Kc3 Ke6 30. f3 Ra6 31. Kb3 f5 32. Re2 Ke5
33. Rd2 Ra5 34. Rd1 Ra6 35. Rd2 g5 36. Re2 h6 37. Re1 Ra5 38. Re2 Ra6 39. Re1
Ra7 40. Re2 Ra8 41. Re1 Kd6 42. Ra1 Re8 43. Re1 Kc6 44. Kc3 Kb6 45. Kd3 Ka5 46.
Re2 Kxa4 47. e4 fxe4+ 48. fxe4 dxe4+ 49. Rxe4+ Rxe4 50. Kxe4 c4 51. Kf5 c3 52.
Kg6 c2 53. Kxh6 c1=Q 54. Kh5 Kb5 55. h4 gxh4 56. Kxh4 Qc8 0-1

[Event "European Youth Chess Championship G14"]
[Site "Prague, Top Hotel Prague"]
[Date "2016.08.19"]
[Round "2.19"]
[White "Golsta, Madara"]
[Black "Sankova, Stella"]
[Result "0-1"]
[WhiteElo "1675"]
[BlackElo "1898"]
[PlyCount "72"]
[EventDate "2016.08.18"]

1. e4 c5 2. Nf3 e6 3. d3 Nc6 4. g3 g6 5. Bg2 Bg7 6. c3 Nge7 7. d4 cxd4 8. cxd4
Qb6 9. Be3 Qxb2 10. Nbd2 O-O 11. O-O d5 12. e5 Nf5 13. Nb3 Nxe3 14. fxe3 Bh6
15. Re1 Qa3 16. h4 Qe7 17. Nh2 Bg7 18. h5 Qg5 19. hxg6 hxg6 20. Qg4 Qxg4 21.
Nxg4 b6 22. Nf6+ Bxf6 23. exf6 Nb4 24. Rf1 Ba6 25. Rf4 Nc2 26. Rb1 Nxe3 27. Kf2
g5 28. Rf3 Nxg2 29. Kxg2 Kh7 30. g4 Kg6 31. Kg3 Rh8 32. Nd2 Rac8 33. Ra3 Be2
34. Re1 Bc4 35. Rxa7 Ra8 36. Rc7 Ra3+ 0-1

[Event "European Youth Chess Championship G14"]
[Site "Prague, Top Hotel Prague"]
[Date "2016.08.19"]
[Round "2.20"]
[White "Rudzinska, Michalina"]
[Black "Zhbanova, Angelina"]
[Result "1-0"]
[WhiteElo "1896"]
[BlackElo "1465"]
[PlyCount "89"]
[EventDate "2016.08.18"]

1. e4 c5 2. Nf3 d6 3. d4 cxd4 4. Nxd4 Nf6 5. Nc3 g6 6. Be3 Bg7 7. f3 O-O 8. Bc4
Nc6 9. Qd2 Bd7 10. O-O-O Rc8 11. Bb3 Ne5 12. Kb1 Re8 13. g4 Qa5 14. h4 h5 15.
gxh5 Nxh5 16. Bh6 Nc4 17. Bxc4 Rxc4 18. Bxg7 Kxg7 19. Rdg1 Rec8 20. Rg5 Qb4 21.
Nb3 Rh8 22. f4 f6 23. Rg2 Rxe4 24. a3 Qc4 25. Nxe4 Qxe4 26. Re1 Qc6 27. Nd4 Qc8
28. Rxe7+ Kf8 29. Re1 Kf7 30. Rge2 Re8 31. Rxe8 Bxe8 32. Qe3 Qd7 33. f5 gxf5
34. Qb3+ d5 35. Qf3 Ng7 36. h5 f4 37. h6 Nf5 38. Qh5+ Kf8 39. Qxf5 Qxf5 40.
Nxf5 Bg6 41. Nh4 Bh7 42. Rf1 Kf7 43. Rxf4 Ke6 44. Rg4 Kf7 45. Rg7+ 1-0

[Event "European Youth Chess Championship G14"]
[Site "Prague, Top Hotel Prague"]
[Date "2016.08.19"]
[Round "2.21"]
[White "Vetshtein, Lior"]
[Black "Strukova, Ksenia"]
[Result "1-0"]
[WhiteElo "1489"]
[BlackElo "1894"]
[PlyCount "91"]
[EventDate "2016.08.18"]

1. e4 c5 2. Nc3 e6 3. g3 g6 4. Bg2 Bg7 5. d3 Nc6 6. Be3 d6 7. Qd2 Qb6 8. Rb1 h5
9. Nge2 Nge7 10. f4 Bd7 11. a3 Nd4 12. O-O a5 13. Bf2 Nxe2+ 14. Nxe2 O-O 15. c3
Qa6 16. b4 axb4 17. axb4 cxb4 18. Rxb4 b5 19. c4 Qa5 20. e5 Rab8 21. exd6 Nf5
22. c5 Rfc8 23. Rfb1 Nh6 24. Nd4 Bxd4 25. Bxd4 Nf5 26. Bf2 Nh6 27. Qb2 Qd8 28.
Rc1 Rc6 29. Bxc6 Bxc6 30. Ra1 Qd7 31. Rba4 Ng4 32. Ra7 Bb7 33. Bd4 Qc6 34. Rxb7
Qxb7 35. Bh8 f6 36. Bxf6 Qc6 37. Bd4 Qb7 38. Qc2 Rc8 39. Qg2 Rc6 40. Qe4 Kf7
41. h3 Nh6 42. Ra7 Qxa7 43. Qxc6 Qa4 44. Qd7+ Kf8 45. Qe7+ Kg8 46. Qg7# 1-0

[Event "European Youth Chess Championship G14"]
[Site "Prague, Top Hotel Prague"]
[Date "2016.08.19"]
[Round "2.23"]
[White "Daniel, Sharon"]
[Black "Bulatova, Kamaliya"]
[Result "1/2-1/2"]
[WhiteElo "1411"]
[BlackElo "1999"]
[PlyCount "109"]
[EventDate "2016.08.18"]

1. d4 Nf6 2. c4 g6 3. Nf3 Bg7 4. g3 O-O 5. Bg2 d6 6. O-O Nbd7 7. Nc3 e5 8. h3
a6 9. e4 exd4 10. Nxd4 Re8 11. Be3 Rb8 12. Qc2 Ne5 13. b3 c5 14. Nde2 b5 15.
Rad1 Qe7 16. Nf4 bxc4 17. Ncd5 Nxd5 18. Nxd5 Qb7 19. bxc4 Qb2 20. Qa4 Bd7 21.
Qxa6 Bc6 22. Rd2 Qb7 23. Qxb7 Rxb7 24. Rc1 Bxd5 25. Rxd5 Bf8 26. Bf4 Ra7 27.
Bxe5 dxe5 28. Rc2 f6 29. Kf1 Rb8 30. Ke2 Ra3 31. Rd3 Ra4 32. Rb3 Rd8 33. Rd3
Rda8 34. Rb3 Rxa2 35. Rbb2 R2a4 36. Bf3 Rb4 37. Kd2 Bh6+ 38. Ke2 Raa4 39. Bg4
Kf7 40. Bd7 Rxb2 41. Bxa4 Rb1 42. Bc6 Bc1 43. Bd5+ Kg7 44. Kf3 Bb2 45. Kg2 Bd4
46. Ra2 Kh6 47. Ra6 f5 48. exf5 Rb2 49. fxg6 Rxf2+ 50. Kh1 Rf1+ 51. Kh2 Rf2+
52. Kh1 hxg6 53. Be4 Rf1+ 54. Kh2 Rf2+ 55. Kh1 $11 1/2-1/2